000 00282nam a2200121 a 4500
008 101213s1980|||| d
100 1 _aKardoš, Dezider
245 1 0 _aPomôžeme slávikovi
260 _bOPUS
_aBratislava
_c1980
020 _c9,50
044 _axo
_cSK
041 _aslo
999 _c15187
_d15187